Forecasting maintenance budgets (Record no. 97908)

MARC details
000 -LEADER
fixed length control field 00475cam a2200193 4500
001 - CONTROL NUMBER
control field D6787
008 - FIXED-LENGTH DATA ELEMENTS--GENERAL INFORMATION
fixed length control field 090401t1979 xxu||||| |||| 00| 0 eng d
035 ## - SYSTEM CONTROL NUMBER
System control number (Sirsi) u94127
041 ## - LANGUAGE CODE
Language code of text/sound track or separate title eng
050 ## - LIBRARY OF CONGRESS CALL NUMBER
Classification number 690.24
100 ## - MAIN ENTRY--PERSONAL NAME
Personal name Luke, R.
245 ## - TITLE STATEMENT
Title Forecasting maintenance budgets
260 ## - PUBLICATION, DISTRIBUTION, ETC.
Place of publication, distribution, etc. Ascot, Berkshire
Name of publisher, distributor, etc. Institute of Building
Date of publication, distribution, etc. 1979
300 ## - PHYSICAL DESCRIPTION
Extent 11p. 30cm
350 ## - PRICE (NR) (BK AM CF MU VM SE) [OBSOLETE]
Price 0
490 ## - SERIES STATEMENT
Series statement Maintenance Information Service
Volume/sequential designation 9
942 ## - ADDED ENTRY ELEMENTS (KOHA)
Suppress in OPAC 0
948 ## - LOCAL PROCESSING INFORMATION (OCLC); SERIES PART DESIGNATOR (RLIN)
c (OCLC) 04/03/1997
Holdings
Withdrawn status Lost status Source of classification or shelving scheme Damaged status Not for loan Home library Current library Shelving location Date acquired Total Checkouts Full call number Barcode Date last seen Copy number Price effective from Koha item type
    Other/Generic Classification Scheme     London London Boxed set 20/03/2001   GALLERY 30063783 06/08/2019 1 06/08/2019 Book